Les plus gros partenaires commerciaux - Corée du Sud - Statistiques

Statistiques générales
  • Ce quiz a été pris 225 fois
  • Le résultat moyen est 17 sur 23
Statistiques - réponses
exportations importations pays % Correct
168 bil 90.2 bil Chine
99%
70.1 bil 44.2 bil Etats-Unis
99%
25.6 bil 45.9 bil Japon
98%
11.3 bil Russie
96%
12.0 bil Inde
87%
6.36 bil Thaïlande
87%
27.8 bil 9.80 bil Viêt Nam
87%
10.8 bil Australie
85%
16.5 bil Australie
85%
7.88 bil 8.85 bil Indonésie
83%
12.0 bil 16.7 bil Taïwan
83%
21.0 bil Allemagne
81%
7.85 bil Royaume-Uni
76%
7.74 bil 8.62 bil Malaisie
73%
10.9 bil Mexique
73%
15.0 bil 7.94 bil Singapour
69%
8.33 bil Philippines
68%
9.48 bil 19.6 bil Arabie Saoudite
63%
8.61 bil Émirats arabes unis
56%
16.5 bil Qatar
49%
6.26 bil Irak
34%
8.96 bil Koweït
26%
7.49 bil Îles Marshall
4%
Aucun quiz correspondant
Distribution des résultats
% des personnes avec chaque résultat
Percentile par nombre de réponses
Votre historique - résultats
Vous n’avez pas pris ce quiz